MARC details
| 000 -CABECERA |
| campo de control de longitud fija |
01090cam a2200241 i 4500 |
| 001 - NÚMERO DE CONTROL |
| campo de control |
000018330 |
| 005 - FECHA Y HORA DE LA ÚLTIMA TRANSACCIÓN |
| campo de control |
20200929165447.0 |
| 008 - DATOS DE LONGITUD FIJA--INFORMACIÓN GENERAL |
| campo de control de longitud fija |
791206s1978 sp b 100 0 spa |
| 020 ## - NÚMERO INTERNACIONAL ESTÁNDAR DEL LIBRO |
| Número Internacional Estándar del Libro |
8472321533 |
| Condiciones de disponibilidad |
obra completa |
| 020 ## - NÚMERO INTERNACIONAL ESTÁNDAR DEL LIBRO |
| Número Internacional Estándar del Libro |
8472321568 |
| 040 ## - FUENTE DE LA CATALOGACIÓN |
| Centro catalogador/agencia de origen |
DO-SdBNP |
| Centro/agencia transcriptor |
DLC |
| Centro/agencia modificador |
DLC |
| -- |
BNPHU |
| 082 ## - NÚMERO DE LA CLASIFICACIÓN DECIMAL DEWEY |
| Número de clasificación |
809 |
| Número de documento/Ítem |
D294c |
| 049 ## - FONDOS LOCALES (OCLC) |
| Fondos de biblioteca |
BNGR |
| 111 2# - ENTRADA PRINCIPAL--NOMBRE DE CONGRESO/REUNIÓN |
| Nombre de congreso/reunión o jurisdicción como elemento de entrada |
Congreso Internacional de Literatura Iberoamericana |
| Número del congreso/reunión o número de parte o sección |
(17o : |
| Fecha del congreso/reunión |
1975 : |
| Sede del congreso/Lugar de la reunión |
Madrid, España) |
| 9 (RLIN) |
39705 |
| 245 10 - MENCIÓN DE TÍTULO |
| Título |
XVII [Decimoseptimo] Congreso del Instituto Internacional de Literatura Iberoamericana : |
| Resto del título |
sesión de Madrid. |
| 260 ## - PUBLICACIÓN, DISTRIBUCIÓN, ETC. |
| Lugar de publicación, distribución, etc. |
Madrid : |
| Nombre del editor, distribuidor, etc. |
Ediciones Cultura Hispánica del Centro Iberoamericano de Cooperación, |
| Fecha de publicación, distribución, etc. |
1978. |
| 300 ## - DESCRIPCIÓN FÍSICA |
| Extensión |
3 v. ; |
| Dimensiones |
24 cm. |
| 504 ## - NOTA DE BIBLIOGRAFÍA, ETC. |
| Nota de bibliografía, etc. |
Incluye referencias bibliográficas y notas al pie de las páginas. |
| 505 0# - NOTA DE CONTENIDO CON FORMATO |
| Nota de contenido con formato |
t.1. El barroco en America.--t. 2. Literatura hispanoamericana.--t. 3. Critica historico-literaria hispanoamericana. |
| 650 #0 - PUNTO DE ACCESO ADICIONAL DE MATERIA--TÉRMINO DE MATERIA |
| Término de materia o nombre geográfico como elemento de entrada |
Literatura española |
| Subdivisión general |
Historia y crítica |
| -- |
Congresos |
| 9 (RLIN) |
39706 |
| 710 2# - PUNTO DE ACCESO ADICIONAL--NOMBRE DE ENTIDAD CORPORATIVA |
| Nombre de entidad corporativa o nombre de jurisdicción como elemento de entrada |
Centro Iberoamericano de Cooperacion. |
| 9 (RLIN) |
39707 |
| 910 ## - DATOS DE OPCIÓN DEL USUARIO (OCLC) |
| Datos de opción del usuario |
Catalogación por derivada / LC |